Statistics for Elizabeth Olsen Movies

Click here to take the quiz!

General Stats

  • This quiz has been taken 79 times
    (55 since last reset)
  • The average score is 11 of 19

Answer Stats

HintAnswer% Correct
2019Avengers: Endgame
98%
2018Avengers: Infinity War
98%
2015Avengers: Age of Ultron
95%
2016Captain America: Civil War
84%
2013Oldboy
63%
2014Godzilla
58%
2017Wind River
58%
2011Silent House
53%
2017Ingrid Goes West
51%
2015I Saw the Light
51%
2017Kodachrome
49%
2014Captain America: The Winter Soldier
47%
2013Very Good Girls
44%
2012Liberal Arts
42%
2011Martha Marcy May Marlene
42%
2013In Secret
40%
2013Kill Your Darlings
37%
2012Red Lights
37%
2011Peace, Love, & Misunderstanding
26%

Score Distribution

Percentile by Number Answered

Percent of People with Each Score

Your Score History

You have not taken this quiz since the last reset